00672 2200229 4500001002100000005001500021035002000036245003800056100001700094250001200111300003000123856001900153700001500172260006800187082001600255650004300271008004100314020002200355600002600377084002200403990001700425INLIS00000000000013920250711023947 a0010-07250001391 aTiga Kucing Kecil /cChou Chinith0 aChinith,Chou apertama a24hlm. :bilus. ;c22.9cm aTBM AS-SYUHADA0 aYoum Kosal aJakarta Timur :bBadan Pengembangan dan pembinaan Bahasa,c2022 a398.209 598 4acerita anak indonesia-terjemah inggris250711 0  a978-623-472-056-3 4aliterasi bahan bacaan a398.209 598 CHI t aTBM202500096